Электродинамика: практикум по решению задач
| Corporate Author: | |
|---|---|
| Other Authors: | , , , |
| Summary: | Заглавие с титульного экрана Практикум содержит 9 занятий. Задачи сгруппированы по темам и выделены в отдельные практические занятия (семинары), каждое из которых содержит необходимые формулы, примеры решения задач и задачи для самостоятельного решения. Практикум снабжен необходимым справочным материалом: в приложении содержатся таблицы физических констант, таблица свойств материалов. По уровню сложности курс находится между разделом «Электричество и магнетизм» курса общей физики в техническом университете и курсом теоретической физики и соответствует требованиям европейского стандарта EUR-ACE аккредитации инженерных образовательных программ к курсу повышенного уровня в рамках программ подготовки бакалавров Режим доступа: из корпоративной сети ТПУ |
| Language: | Russian |
| Published: |
Томск, Изд-во ТПУ, 2013
|
| Subjects: | |
| Online Access: | http://www.lib.tpu.ru/fulltext2/m/2014/m184.pdf |
| Format: | Electronic Book |
| KOHA link: | https://koha.lib.tpu.ru/cgi-bin/koha/opac-detail.pl?biblionumber=264160 |
MARC
| LEADER | 00000nlm0a2200000 4500 | ||
|---|---|---|---|
| 001 | 264160 | ||
| 005 | 20240219130918.0 | ||
| 035 | |a (RuTPU)RU\TPU\book\287151 | ||
| 090 | |a 264160 | ||
| 100 | |a 20140617d2013 m y0rusy50 ca | ||
| 101 | 0 | |a rus | |
| 102 | |a RU | ||
| 105 | |a a j 001zy | ||
| 135 | |a vrcn ---uucaa | ||
| 181 | 0 | |a i | |
| 182 | 0 | |a b | |
| 200 | 1 | |a Электродинамика |e практикум по решению задач |f К. Б. Коротченко [и др.] |g Национальный исследовательский Томский политехнический университет (ТПУ) | |
| 203 | |a Текст |c электронный | ||
| 210 | |a Томск |c Изд-во ТПУ |d 2013 | ||
| 300 | |a Заглавие с титульного экрана | ||
| 330 | |a Практикум содержит 9 занятий. Задачи сгруппированы по темам и выделены в отдельные практические занятия (семинары), каждое из которых содержит необходимые формулы, примеры решения задач и задачи для самостоятельного решения. Практикум снабжен необходимым справочным материалом: в приложении содержатся таблицы физических констант, таблица свойств материалов. По уровню сложности курс находится между разделом «Электричество и магнетизм» курса общей физики в техническом университете и курсом теоретической физики и соответствует требованиям европейского стандарта EUR-ACE аккредитации инженерных образовательных программ к курсу повышенного уровня в рамках программ подготовки бакалавров | ||
| 333 | |a Режим доступа: из корпоративной сети ТПУ | ||
| 337 | |a Adobe Reader | ||
| 606 | 1 | |a Электродинамика |2 stltpush |3 (RuTPU)RU\TPU\subj\19944 |9 45105 | |
| 610 | 1 | |a электростатика | |
| 610 | 1 | |a магнитостатика | |
| 610 | 1 | |a преобразования | |
| 610 | 1 | |a излучение | |
| 610 | 1 | |a электромагнитные волны | |
| 610 | 1 | |a практикумы | |
| 610 | 1 | |a учебные издания | |
| 610 | 1 | |a электронный ресурс | |
| 675 | |a 537.8(076.5) |v 3 | ||
| 701 | 1 | |a Коротченко |b К. Б. |c физик |c профессор Томского политехнического университета, доктор физико-математических наук |f 1949- |g Константин Борисович |3 (RuTPU)RU\TPU\pers\27112 |9 12662 | |
| 701 | 1 | |a Кунашенко |b Ю. П. |c физик |c профессор Томского политехнического университета, доктор физико-математических наук |f 1958- |g Юрий Петрович |3 (RuTPU)RU\TPU\pers\28143 | |
| 701 | 1 | |a Пивоваров |b Ю. Л. |c доктор физико-математических наук |c профессор кафедры теоретической и экспериментальной физики (ТиЭФ) факультета естественных наук и математики |f 1953- |g Юрий Леонидович |3 (RuTPU)RU\TPU\pers\27113 | |
| 701 | 1 | |a Тухфатуллин |b Т. А. |c кандидат физико-математических наук |c доцент кафедры теоретической и экспериментальной физики |g Тимур Ахатович |3 (RuTPU)RU\TPU\pers\27114 | |
| 712 | 0 | 2 | |a Национальный исследовательский Томский политехнический университет (ТПУ) |b Физико-технический институт (ФТИ) |b Кафедра теоретической и экспериментальной физики (ТиЭФ) |3 (RuTPU)RU\TPU\col\18726 |
| 801 | 2 | |a RU |b 63413507 |c 20160617 |g RCR | |
| 856 | 4 | |u http://www.lib.tpu.ru/fulltext2/m/2014/m184.pdf | |
| 942 | |c CF | ||